000 00855ngm a2200265Ia 4500
001 CINE01007
003 EcQuCN
005 20240205100034.0
006 a||||gr|||| 00| mz
007 mc nfubzzgazauz|c201508
008 150827s ec ||||g |||| 00| mzspa d
040 _aEcQuCN
084 _aVHSER0059.4 - DVDER932.4
245 1 0 _aPunto muerto
_cProducida por: Marco Encalada - Estudios Kino
260 _aQuito 
_bCinemateca Nacional
_c1993
300 _a25 minutos.
380 _aFicción
500 _aIntérpretes: Totty Rodríguez, Alexis Puertas, Marisol Romero, Angel Pinto
516 _aVHS - DVD
520 1 _aMujer cuenta a la doctora el por qué se encuentra en esta institución de reclusión.
522 _aQuito / Pichincha
650 4 _aVIDA COTIDIANA
700 1 _aEncalada,Marco - Estudios Kino
_eproductor
942 _2z
_cPEL
999 _c1051
_d1051